000
00311nam a2200109Ia 4500
008
220204s9999 xx 000 0 und d
082
_a
339.13.053(06)
_b
dre
100
_a
DREZE, J H
245
0
_a
Allocation under uncertainity: Equilibrium and optimality
260
_a
Great Britain
_b
Macmillan
_c
1974
942
_c
BK
999
_c
28197
_d
28197